[Event "BCF-chT3Sb 1617 (4NCL)"]
[Site "England"]
[Date "2016.11.26"]
[Round "1.63"]
[White "Bryant, Richard BE"]
[Black "Chevannes, Sabrina"]
[Result "0-1"]
[WhiteElo "2057"]
[BlackElo "2012"]
[PlyCount "56"]
[EventDate "2016.11.26"]
[EventType "team-tourn"]
[EventRounds "11"]
[EventCountry "ENG"]
[SourceTitle "EXT 2019"]
[Source "ChessBase"]
[SourceDate "2018.10.10"]
[SourceVersion "1"]
[SourceVersionDate "2018.10.10"]
[SourceQuality "1"]
[WhiteTeam "Shropshire"]
[BlackTeam "Cambridge University II"]
[WhiteTeamCountry "ENG"]
[BlackTeamCountry "ENG"]

1. e4 c6 2. Nc3 d5 3. Qf3 e6 4. d4 Nd7 5. Bd3 dxe4 6. Nxe4 Ngf6 7. c3 Nxe4 8. Bxe4 Nf6 9. Bc2 Qd5 10. Qg3 c5 11. Ne2 b6 12. Nf4 Qc6 13. Nd3 cxd4 14. Ne5 Qd5 15. 0-0 Bd6 16. cxd4 Qxd4 17. Qxg7 Qxe5 18. Qxh8+ Ke7 19. g3 Bb7 20. Qg7 Qd5 21. f3 Qc5+ 22. Rf2 Rg8 23. Qxg8 Nxg8 24. Kg2 Nf6 25. Bd1 Ng4 26. Re2 Qd5 27. Rd2 Qh5 28. Kg1 Bc5+ 0-1

[Event "EU-Cup (Women) 21st"]
[Site "Novi Sad"]
[Date "2016.11.06"]
[Round "1.4"]
[White "Chevannes, Sabrina"]
[Black "Savina, Anastasia"]
[Result "0-1"]
[WhiteElo "2012"]
[BlackElo "2363"]
[PlyCount "132"]
[EventDate "2016.11.06"]
[EventType "team-swiss"]
[EventRounds "7"]
[EventCountry "SRB"]
[SourceTitle "CBM 175 Extra"]
[Source "ChessBase"]
[SourceDate "2016.12.12"]
[SourceVersion "1"]
[SourceVersionDate "2016.12.12"]
[SourceQuality "1"]
[WhiteTeam "Midland Monarchs (W)"]
[BlackTeam "Moscow SHSM Legacy (W)"]
[WhiteTeamCountry "ENG"]
[BlackTeamCountry "RUS"]

1. d4 Nf6 2. Nf3 g6 3. g3 Bg7 4. Bg2 0-0 5. 0-0 d6 6. c4 Nc6 7. Nc3 a6 8. Bf4 Rb8 9. c5 Bg4 10. d5 Na7 11. cxd6 exd6 12. Qd4 Nd7 13. Qd2 Bxf3 14. exf3 Ne5 15. b3 b5 16. Rac1 b4 17. Ne4 Nb5 18. Bg5 f6 19. Bh6 Bxh6 20. Qxh6 Nf7 21. Qf4 f5 22. Nd2 Nc3 23. Rfe1 Nxd5 24. Qc4 Nc3 25. f4 Rb5 26. a4 d5 27. Qd4 Rb6 28. Re3 Qf6 29. Qxf6 Rxf6 30. Rce1 Nd6 31. Re5 Nde4 32. Nb1 Nxb1 33. Rxb1 Nc3 34. Rbe1 c6 35. a5 Nb5 36. Bf1 Nd4 37. Kg2 Nxb3 38. Rb1 Nd2 39. Rxb4 c5 40. Rb7 Nxf1 41. Kxf1 R8f7 42. Rb8+ Kg7 43. Rxd5 Rc6 44. Rb6 Rxb6 45. axb6 Rb7 46. Rxc5 Rxb6 47. Ra5 Kf6 48. Kg2 Ke6 49. h4 h5 50. Kf3 Kd7 51. Kg2 Kc7 52. Re5 Rf6 53. Kf3 Kb6 54. Ke3 Rd6 55. Re8 a5 56. Ra8 Kb5 57. Rb8+ Rb6 58. Ra8 Ra6 59. Rb8+ Kc4 60. Rc8+ Kb3 61. Rb8+ Kc2 62. Rc8+ Kd1 63. Rd8+ Ke1 64. Rb8 Kf1 65. Kf3 Kg1 66. Re8 a4 0-1

[Event "BCF-chT2d 1516 (4NCL) Demotion pool"]
[Site "England"]
[Date "2016.05.01"]
[Round "10.252"]
[White "Zhang, Anthony"]
[Black "Chevannes, Sabrina"]
[Result "1-0"]
[WhiteElo "2207"]
[BlackElo "2086"]
[PlyCount "75"]
[EventDate "2015.11.14"]
[EventType "team-tourn"]
[EventRounds "4"]
[EventCountry "ENG"]
[SourceTitle "EXT 2017"]
[Source "ChessBase"]
[SourceDate "2016.10.25"]
[SourceVersion "1"]
[SourceVersionDate "2016.10.25"]
[SourceQuality "1"]
[WhiteTeam "Guildford III"]
[BlackTeam "Cambridge II"]
[WhiteTeamCountry "ENG"]
[BlackTeamCountry "ENG"]

1. d4 d5 2. Nf3 Nf6 3. c4 c6 4. e3 Bf5 5. Nc3 e6 6. Nh4 Bg6 7. Bd2 Nbd7 8. Nxg6 hxg6 9. g3 Be7 10. Qb3 Qc7 11. Be2 Rc8 12. 0-0-0 dxc4 13. Bxc4 b5 14. Be2 b4 15. Na4 Ne4 16. Be1 c5 17. Kb1 c4 18. Qc2 Qb7 19. f3 Nd6 20. Nc5 b3 21. axb3 cxb3 22. Qc3 Nxc5 23. dxc5 Nf5 24. Rd3 Bxc5 25. Qxb3 Qxb3 26. Rxb3 Nxe3 27. Bf2 Nc4 28. Bxc5 Nd2+ 29. Kc2 Nxb3 30. Bb5+ Kd8 31. Rd1+ Kc7 32. Kxb3 Rcd8 33. Ra1 Rh5 34. Kc4 Rd2 35. b4 Rhxh2 36. Rxa7+ Kb8 37. Rxf7 Rh1 38. Bc6 1-0

[Event "BCF-chT2d 1516 (4NCL) Demotion pool"]
[Site "England"]
[Date "2016.04.30"]
[Round "9.29"]
[White "Fraser Mitchell, Jeremy N"]
[Black "Chevannes, Sabrina"]
[Result "1/2-1/2"]
[WhiteElo "2059"]
[BlackElo "2086"]
[PlyCount "81"]
[EventDate "2015.11.14"]
[EventType "team-tourn"]
[EventRounds "4"]
[EventCountry "ENG"]
[SourceTitle "EXT 2017"]
[Source "ChessBase"]
[SourceDate "2016.10.25"]
[SourceVersion "1"]
[SourceVersionDate "2016.10.25"]
[SourceQuality "1"]
[WhiteTeam "MK Phoenix"]
[BlackTeam "Cambridge II"]
[WhiteTeamCountry "ENG"]
[BlackTeamCountry "ENG"]

1. d4 d5 2. e4 c6 3. Nc3 g6 4. Be3 Bg7 5. Qd2 e6 6. 0-0-0 Nd7 7. Nf3 h5 8. h3 dxe4 9. Nxe4 Ndf6 10. Nc3 Nd5 11. Nxd5 Qxd5 12. c4 Qd8 13. Bd3 Ne7 14. g4 b5 15. gxh5 Rxh5 16. h4 bxc4 17. Bxc4 Nd5 18. Bg5 Qb6 19. Rhe1 a5 20. Qc2 Rb8 21. Ne5 Nb4 22. Qe2 Bxe5 23. dxe5 Nd5 24. Qd2 Ba6 25. Bxa6 Qxa6 26. Qd4 Rb4 27. Qd3 Qxd3 28. Rxd3 Kd7 29. a3 Rb7 30. Re4 Rh8 31. Ra4 Rhb8 32. Rd2 Rb5 33. Rc4 Rb3 34. Rc5 R8b5 35. Rxb5 Rxb5 36. Kc2 Ke8 37. Rd3 Nc7 38. Bf6 Nd5 39. Bg5 Ne7 40. Bf6 Nd5 41. Bg5 1/2-1/2

[Event "BCF-chT1b 1516 (4NCL)"]
[Site "England"]
[Date "2016.02.14"]
[Round "6.158"]
[White "Milliet, Sophie"]
[Black "Chevannes, Sabrina"]
[Result "1-0"]
[WhiteElo "2361"]
[BlackElo "2096"]
[PlyCount "57"]
[EventDate "2015.11.14"]
[EventType "team-swiss"]
[EventRounds "11"]
[EventCountry "ENG"]
[SourceTitle "CBM 170 Extra"]
[Source "ChessBase"]
[SourceDate "2016.02.25"]
[SourceVersion "1"]
[SourceVersionDate "2016.02.25"]
[SourceQuality "1"]
[WhiteTeam "Guildford"]
[BlackTeam "Cambridge"]
[WhiteTeamCountry "ENG"]
[BlackTeamCountry "ENG"]

1. e4 c6 2. d4 d5 3. e5 g6 4. c4 Bg7 5. Nc3 e6 6. Nf3 a6 7. c5 Nd7 8. Bd3 a5 9. 0-0 b6 10. cxb6 Qxb6 11. Na4 Qa7 12. b3 Bf8 13. Qc2 Ba6 14. Rd1 Rc8 15. Be3 Ne7 16. Rac1 Nf5 17. Qe2 Bxd3 18. Rxd3 Ba3 19. Rc2 0-0 20. g4 Nxe3 21. Qxe3 Kg7 22. Nc5 Nxc5 23. dxc5 Rb8 24. Nd4 Rfc8 25. Qf4 Qe7 26. Rh3 g5 27. Qe3 h6 28. Rh5 Rb4 29. h4 1-0

[Event "EU-chT (Women) 20th"]
[Site "Reykjavik"]
[Date "2015.11.20"]
[Round "7.3"]
[White "Chevannes, Sabrina"]
[Black "Movileanu, Daniela"]
[Result "0-1"]
[WhiteElo "2106"]
[BlackElo "2192"]
[PlyCount "124"]
[EventDate "2015.11.13"]
[EventType "team-swiss"]
[EventRounds "9"]
[EventCountry "ISL"]
[SourceTitle "CBM 169 Extra"]
[Source "ChessBase"]
[SourceDate "2015.12.18"]
[SourceVersion "1"]
[SourceVersionDate "2015.12.18"]
[SourceQuality "1"]
[WhiteTeam "England (W)"]
[BlackTeam "Italy (W)"]
[WhiteTeamCountry "ENG"]
[BlackTeamCountry "ITA"]

1. d4 Nf6 2. Nf3 d5 3. c4 e6 4. e3 c6 5. Nc3 Be7 6. Qc2 Nbd7 7. b3 0-0 8. Bd3 Bd6 9. 0-0 Re8 10. e4 dxe4 11. Nxe4 Nxe4 12. Bxe4 h6 13. Bb2 Nf6 14. Bd3 b6 15. Rfe1 Bb7 16. Rad1 Qc7 17. c5 Be7 18. Ne5 Rf8 19. Re3 Nd5 20. Rf3 Bf6 21. Ng4 Bg5 22. Ba3 b5 23. Ne5 a5 24. Qe2 Nc3 25. Qc2 Nxd1 26. Qxd1 f5 27. h4 Bf6 28. Qe2 Rad8 29. Bb2 Rfe8 30. g4 Bc8 31. g5 hxg5 32. hxg5 Bxe5 33. dxe5 Qf7 34. Rh3 Qg6 35. f4 Kf7 36. Qh2 Ke7 37. Bc3 b4 38. Be1 Rg8 39. Be2 Qe8 40. g6 Qxg6+ 41. Kf1 Rd4 42. Bh4+ Kd7 43. Bf2 Re4 44. Bd3 Qg4 45. Bxe4 Ba6+ 46. Bd3 Qd1+ 47. Kg2 Bxd3 48. Rxd3+ Qxd3 49. Qh7 Re8 50. Qxg7+ Re7 51. Qg5 Qe2 52. Qg6 Qg4+ 53. Qxg4 fxg4 54. Bh4 Rg7 55. Bf6 Rg8 56. Kg3 a4 57. Bg5 Ra8 58. Kxg4 axb3 59. axb3 Ra3 60. f5 Rxb3 61. f6 Ke8 62. Kh5 Kf7 0-1

[Event "US Masters op"]
[Site "Greensboro"]
[Date "2015.08.27"]
[Round "1"]
[White "Chevannes, Sabrina"]
[Black "Tan, Justin Hy"]
[Result "0-1"]
[WhiteElo "2154"]
[BlackElo "2421"]
[PlyCount "74"]
[EventDate "2015.08.27"]
[EventType "swiss"]
[EventRounds "9"]
[EventCountry "USA"]
[SourceTitle "EXT 2016"]
[Source "ChessBase"]
[SourceDate "2015.10.08"]
[SourceVersion "1"]
[SourceVersionDate "2015.10.08"]
[SourceQuality "1"]

1. d4 d5 2. Nf3 Nf6 3. c4 e6 4. cxd5 exd5 5. Nc3 c6 6. Qc2 g6 7. Bg5 Be7 8. e3 Bf5 9. Bd3 Bxd3 10. Qxd3 Nbd7 11. 0-0 0-0 12. a3 a5 13. Rfd1 Ne4 14. Bxe7 Qxe7 15. Qc2 f5 16. Qb3 b5 17. Rac1 Nd6 18. Ne2 Nc4 19. Nd2 Nf6 20. Nf3 Ne4 21. Nf4 g5 22. Nd3 g4 23. Nfe5 Rf6 24. Qc2 Rh6 25. g3 Qe8 26. Nxc4 bxc4 27. Nf4 Rb8 28. Rb1 Rb3 29. Rdc1 Qd7 30. Ng2 Qe7 31. Qe2 Ng5 32. h4 gxh3 33. Nh4 Rxh4 34. gxh4 Qe4 35. f4 Rxe3 36. Qf2 Nf3+ 37. Kf1 Qd3+ 0-1

[Event "GBR-ch 102nd"]
[Site "Coventry"]
[Date "2015.08.03"]
[Round "7"]
[White "Burrows, Martin P"]
[Black "Chevannes, Sabrina"]
[Result "1-0"]
[WhiteElo "2148"]
[BlackElo "2228"]
[PlyCount "63"]
[EventDate "2015.07.27"]
[EventType "swiss"]
[EventRounds "11"]
[EventCountry "ENG"]
[SourceTitle "CBM 167 Extra"]
[Source "ChessBase"]
[SourceDate "2015.09.14"]
[SourceVersion "1"]
[SourceVersionDate "2015.09.14"]
[SourceQuality "1"]

1. e4 c6 2. d4 d5 3. e5 Bf5 4. Nf3 e6 5. Be2 c5 6. Be3 cxd4 7. Nxd4 Ne7 8. Nd2 Nbc6 9. N2f3 Be4 10. 0-0 Bxf3 11. Nxf3 Nf5 12. Bf4 Be7 13. Bd3 g6 14. Bxf5 gxf5 15. Re1 Qb6 16. Qe2 Rg8 17. c3 Rg4 18. g3 0-0-0 19. b4 Rdg8 20. Kh1 h5 21. a4 h4 22. a5 Qc7 23. Rec1 hxg3 24. fxg3 Rh8 25. Nd4 Kd8 26. a6 Nxd4 27. cxd4 Qd7 28. axb7 Qxb7 29. Qc2 a6 30. b5 axb5 31. Ra7 Qb8 32. Qc6 1-0

[Event "South Wales op 12th"]
[Site "Cardiff"]
[Date "2015.07.16"]
[Round "9"]
[White "Freeland, Alex"]
[Black "Chevannes, Sabrina"]
[Result "0-1"]
[WhiteElo "1952"]
[BlackElo "2228"]
[PlyCount "82"]
[EventDate "2015.07.11"]
[EventType "swiss"]
[EventRounds "10"]
[EventCountry "WLS"]
[SourceTitle "EXT 2016"]
[Source "ChessBase"]
[SourceDate "2015.10.08"]
[SourceVersion "1"]
[SourceVersionDate "2015.10.08"]
[SourceQuality "1"]

1. e4 c6 2. c4 d5 3. cxd5 cxd5 4. exd5 Nf6 5. Bb5+ Nbd7 6. Nc3 g6 7. d6 e6 8. d4 Bxd6 9. Bh6 a6 10. Ba4 b5 11. Bb3 Bb7 12. Nf3 Bf8 13. Bxf8 Kxf8 14. 0-0 b4 15. Na4 Kg7 16. Ne5 Qa5 17. Qe2 Bd5 18. Bxd5 Qxd5 19. Qc4 Nxe5 20. Qxd5 Nxd5 21. dxe5 Rac8 22. Rac1 Nf4 23. Rcd1 Nd5 24. Rc1 Nf4 25. Rcd1 Rhd8 26. g3 Nd5 27. Rd2 Rc6 28. Rfd1 Rdc8 29. Kf1 g5 30. Re1 Kg6 31. Ree2 Kf5 32. Kg2 g4 33. h3 h5 34. hxg4+ hxg4 35. Kh2 Rc1 36. Kg2 Ra1 37. b3 Rcc1 38. f3 Rg1+ 39. Kh2 Rh1+ 40. Kg2 Rag1+ 41. Kf2 Rf1+ 0-1

[Event "Philadelphia op 9th"]
[Site "Philadelphia"]
[Date "2015.04.01"]
[Round "1"]
[White "Chevannes, Sabrina"]
[Black "Smith, Bryan G"]
[Result "0-1"]
[WhiteElo "2172"]
[BlackElo "2478"]
[PlyCount "64"]
[EventDate "2015.04.01"]
[EventType "swiss"]
[EventRounds "9"]
[EventCountry "USA"]
[SourceTitle "CBM 165 Extra"]
[Source "ChessBase"]
[SourceDate "2015.04.21"]
[SourceVersion "1"]
[SourceVersionDate "2015.04.21"]
[SourceQuality "1"]

1. d4 Nf6 2. Nf3 e6 3. e3 b6 4. Bd3 Bb7 5. 0-0 d5 6. b3 Bd6 7. Bb2 0-0 8. Nbd2 Ne4 9. c4 Nd7 10. cxd5 exd5 11. Ne5 Re8 12. Ndf3 f6 13. Nxd7 Qxd7 14. Nd2 Bb4 15. Nxe4 dxe4 16. Bc4+ Kh8 17. Qh5 f5 18. Rac1 Rf8 19. d5 Bd6 20. Qg5 a6 21. Rfd1 Rae8 22. Rc2 f4 23. Be2 Qe7 24. Qxe7 Rxe7 25. exf4 Rxf4 26. g3 Rf5 27. h4 b5 28. g4 Rxd5 29. Rxd5 Bxd5 30. Rd2 c6 31. h5 Kg8 32. g5 Bf4 0-1

[Event "Bunratty Masters op 22nd"]
[Site "Bunratty"]
[Date "2015.02.21"]
[Round "4"]
[White "Tunka, Philipp"]
[Black "Chevannes, Sabrina"]
[Result "1-0"]
[WhiteElo "2010"]
[BlackElo "2171"]
[PlyCount "51"]
[EventDate "2015.02.20"]
[EventType "swiss"]
[EventRounds "6"]
[EventCountry "IRL"]
[SourceTitle "CBM 165 Extra"]
[Source "ChessBase"]
[SourceDate "2015.04.21"]
[SourceVersion "1"]
[SourceVersionDate "2015.04.21"]
[SourceQuality "1"]

1. d4 d5 2. c4 e6 3. e3 Nf6 4. Nf3 c6 5. Bd3 Nbd7 6. 0-0 Bd6 7. b3 0-0 8. Bb2 c5 9. Nbd2 Qe7 10. Ne5 cxd4 11. exd4 b6 12. cxd5 Nxd5 13. Ne4 Bxe5 14. dxe5 Nf4 15. Bb1 Ba6 16. Re1 Rfd8 17. Qf3 Ng6 18. Qg3 Bb7 19. Nd6 Bd5 20. f4 Qh4 21. Bxg6 Qxg3 22. Bxf7+ Kf8 23. hxg3 g6 24. f5 gxf5 25. Bh5 Nc5 26. Bf3 1-0

[Event "BCF-chT1b 1415 (4NCL)"]
[Site "England"]
[Date "2015.02.15"]
[Round "6.176"]
[White "Chevannes, Sabrina"]
[Black "Rogers, Jonathan"]
[Result "1/2-1/2"]
[WhiteElo "2173"]
[BlackElo "2277"]
[PlyCount "58"]
[EventDate "2014.11.15"]
[EventType "team-swiss"]
[EventRounds "11"]
[EventCountry "ENG"]
[SourceTitle "EXT 2016"]
[Source "ChessBase"]
[SourceDate "2015.10.08"]
[SourceVersion "1"]
[SourceVersionDate "2015.10.08"]
[SourceQuality "1"]
[WhiteTeam "Cambridge"]
[BlackTeam "Barbican II"]
[WhiteTeamCountry "ENG"]
[BlackTeamCountry "ENG"]

1. d4 d5 2. Nf3 e6 3. c4 Nf6 4. Nc3 Bb4 5. Qa4+ Nc6 6. e3 0-0 7. Bd2 dxc4 8. Bxc4 a6 9. 0-0 Qe7 10. a3 Bd6 11. Qc2 e5 12. Ng5 g6 13. d5 Nb8 14. e4 b5 15. Ba2 Nbd7 16. Nf3 Nh5 17. Ne2 Nb6 18. Bh6 Re8 19. Rfc1 Bg4 20. Ng5 Nf4 21. Nxf4 exf4 22. f3 Bd7 23. Re1 Nc4 24. Bxc4 bxc4 25. Qxc4 f6 26. e5 Bc5+ 27. Kh1 Bb5 28. Qxf4 fxg5 29. Bxg5 Qf7 1/2-1/2

[Event "BCF-chT1b 1415 (4NCL)"]
[Site "England"]
[Date "2015.01.11"]
[Round "4.188"]
[White "Chevannes, Sabrina"]
[Black "Matta, Francesca"]
[Result "1-0"]
[WhiteElo "2163"]
[BlackElo "1921"]
[PlyCount "91"]
[EventDate "2014.11.15"]
[EventType "team-swiss"]
[EventRounds "11"]
[EventCountry "ENG"]
[SourceTitle "EXT 2016"]
[Source "ChessBase"]
[SourceDate "2015.10.08"]
[SourceVersion "1"]
[SourceVersionDate "2015.10.08"]
[SourceQuality "1"]
[WhiteTeam "Cambridge"]
[BlackTeam "Oxford"]
[WhiteTeamCountry "ENG"]
[BlackTeamCountry "ENG"]

1. d4 d5 2. Bf4 Nc6 3. e3 Bf5 4. c3 e6 5. Nf3 Bd6 6. Bg3 Nf6 7. Nh4 Bxb1 8. Rxb1 Ne7 9. Qb3 Bxg3 10. hxg3 Qc8 11. Bd3 0-0 12. Qc2 c5 13. Nf3 Ng6 14. Ne5 c4 15. Be2 b5 16. Bf3 a5 17. Rh3 b4 18. Ke2 Rb8 19. g4 Nd7 20. Nxg6 hxg6 21. Rbh1 f5 22. gxf5 gxf5 23. Bh5 Rd8 24. g4 bxc3 25. bxc3 Qb7 26. gxf5 Qb2 27. Kd2 Qa3 28. Bg6 Kf8 29. Rb1 Ke7 30. Rhh1 Nf6 31. fxe6 Ne4+ 32. Bxe4 dxe4 33. Rxb8 Rxb8 34. Rb1 Rxb1 35. Qxb1 Kxe6 36. Qxe4+ Kf7 37. Qc2 Ke6 38. f4 Qd6 39. Qg6+ Kd7 40. Qxg7+ Kc6 41. Qg2+ Kd7 42. Qb7+ Ke6 43. Qc8+ Ke7 44. Qc5 Qxc5 45. dxc5 Kd7 46. f5 1-0

[Event "BCF-chT1b 1415 (4NCL)"]
[Site "England"]
[Date "2014.11.16"]
[Round "2.178"]
[White "Smith, Lynda"]
[Black "Chevannes, Sabrina"]
[Result "0-1"]
[WhiteElo "1915"]
[BlackElo "2163"]
[PlyCount "106"]
[EventDate "2014.11.15"]
[EventType "team-swiss"]
[EventRounds "11"]
[EventCountry "ENG"]
[SourceTitle "EXT 2015"]
[Source "ChessBase"]
[SourceDate "2014.11.20"]
[SourceVersion "1"]
[SourceVersionDate "2014.11.20"]
[SourceQuality "1"]
[WhiteTeam "Hackney"]
[BlackTeam "Cambridge"]
[WhiteTeamCountry "ENG"]
[BlackTeamCountry "ENG"]

1. e4 c6 2. d4 d5 3. exd5 cxd5 4. c4 Nf6 5. Nc3 e6 6. Nf3 Nc6 7. Bg5 Be7 8. Be2 0-0 9. 0-0 h6 10. Bh4 b6 11. Rc1 Bb7 12. cxd5 Nxd5 13. Bxe7 Ncxe7 14. Ne5 Nf5 15. Nxd5 Bxd5 16. Bf3 Bxf3 17. Nxf3 Qd5 18. Qa4 a5 19. Qc4 Rfd8 20. Rfd1 b5 21. Qxd5 Rxd5 22. g4 Ne7 23. Rc7 Ng6 24. Rdc1 Nf4 25. Kf1 Rad8 26. Rc8 Rxc8 27. Rxc8+ Kh7 28. Rc5 Nd3 29. Rc2 Nb4 30. Rc7 f6 31. a3 Nd3 32. Rc2 Nf4 33. Rc5 Kg6 34. Rxd5 Nxd5 35. Ke2 h5 36. gxh5+ Kxh5 37. Nd2 a4 38. Ne4 Kg4 39. Nd6 Nc7 40. Ke3 Kh3 41. f4 f5 42. Kf3 Kxh2 43. d5 Nxd5 44. Nxb5 e5 45. fxe5 g5 46. Nc3 g4+ 47. Ke2 g3 48. e6 g2 49. Nxd5 g1Q 50. e7 Qg2+ 51. Ke1 Qe4+ 52. Kf2 f4 53. Kf1 f3 0-1

[Event "BCF-chT1b 1415 (4NCL)"]
[Site "England"]
[Date "2014.11.15"]
[Round "1.168"]
[White "Chevannes, Sabrina"]
[Black "Norinkeviciute, Rasa"]
[Result "1-0"]
[WhiteElo "2163"]
[BlackElo "2018"]
[PlyCount "65"]
[EventDate "2014.11.15"]
[EventType "team-swiss"]
[EventRounds "11"]
[EventCountry "ENG"]
[SourceTitle "EXT 2015"]
[Source "ChessBase"]
[SourceDate "2014.11.20"]
[SourceVersion "1"]
[SourceVersionDate "2014.11.20"]
[SourceQuality "1"]
[WhiteTeam "Cambridge"]
[BlackTeam "e2e4.org.uk"]
[WhiteTeamCountry "ENG"]
[BlackTeamCountry "ENG"]

1. d4 Nf6 2. c4 e6 3. Nf3 Bb4+ 4. Nbd2 b6 5. a3 Bxd2+ 6. Qxd2 a5 7. Qc2 Bb7 8. Bg5 d6 9. e3 Nbd7 10. Be2 h6 11. Bh4 a4 12. Nd2 g5 13. Bg3 Bxg2 14. Rg1 Bb7 15. f4 Qe7 16. 0-0-0 c5 17. fxg5 hxg5 18. Kb1 Nh5 19. Bxh5 Rxh5 20. Ne4 Bxe4 21. Qxe4 d5 22. Qf3 g4 23. Qxg4 Nf6 24. Qe2 Rf5 25. Be5 0-0-0 26. cxd5 exd5 27. Qa6+ Qb7 28. Qxa4 c4 29. Rdf1 Rxf1+ 30. Rxf1 Ne4 31. Rxf7 Rd7 32. Rxd7 Qxd7 33. Qa8# 1-0

[Event "US Masters op"]
[Site "Greensboro"]
[Date "2014.08.28"]
[Round "1"]
[White "Chevannes, Sabrina"]
[Black "Smith, Bryan G"]
[Result "0-1"]
[WhiteElo "2171"]
[BlackElo "2478"]
[PlyCount "106"]
[EventDate "2014.08.28"]
[EventType "swiss"]
[EventRounds "9"]
[EventCountry "USA"]
[SourceTitle "CBM 162 Extra"]
[Source "ChessBase"]
[SourceDate "2014.10.17"]
[SourceVersion "1"]
[SourceVersionDate "2014.10.17"]
[SourceQuality "1"]

1. d4 Nf6 2. Nf3 g6 3. Nc3 c5 4. d5 Bg7 5. e4 d6 6. Bb5+ Bd7 7. a4 0-0 8. 0-0 Bxb5 9. axb5 Ne8 10. Qe2 Nd7 11. Bg5 Nc7 12. Nd2 Nb6 13. Rfd1 Qd7 14. Rab1 Rfe8 15. Qd3 a6 16. bxa6 Nxa6 17. Qb5 Qc7 18. Ne2 e6 19. dxe6 Rxe6 20. c3 Rae8 21. Be3 Qc6 22. Qxc6 bxc6 23. Ra1 Ra8 24. Ra2 Ree8 25. Rda1 Nc7 26. Ra7 Nb5 27. Rxa8 Rxa8 28. Rxa8+ Nxa8 29. Nc1 Nb6 30. Nd3 Na4 31. f3 Kf8 32. Kf2 Ke7 33. g3 Kd7 34. f4 f6 35. Kf3 Bf8 36. Bf2 Ke6 37. g4 f5 38. gxf5+ gxf5 39. e5 d5 40. Kg3 c4 41. b3 cxd3 42. bxa4 Nxc3 43. a5 c5 44. a6 Nb5 45. Nb3 d4 46. Bxd4 d2 47. Nxd2 cxd4 48. Nb3 Kd5 49. e6 Kc4 50. Na5+ Kc3 51. Nc6 d3 52. e7 Bxe7 53. Nxe7 d2 0-1

[Event "Olympiad Women-41"]
[Site "Tromsoe"]
[Date "2014.08.10"]
[Round "8.3"]
[White "Alattar, Ghayda M"]
[Black "Chevannes, Sabrina"]
[Result "1-0"]
[WhiteElo "1950"]
[BlackElo "2171"]
[PlyCount "63"]
[EventDate "2014.08.02"]
[EventType "team-swiss"]
[EventRounds "11"]
[EventCountry "NOR"]
[SourceTitle "CBM 162"]
[Source "ChessBase"]
[SourceDate "2014.09.17"]
[SourceVersion "1"]
[SourceVersionDate "2014.09.17"]
[SourceQuality "1"]
[WhiteTeam "Jordan (W)"]
[BlackTeam "England (W)"]
[WhiteTeamCountry "JOR"]
[BlackTeamCountry "ENG"]

1. d4 d5 2. Nc3 c6 3. e4 dxe4 4. Nxe4 Nf6 5. Ng3 e5 6. Qe2 Qxd4 7. Nf3 Bb4+ 8. c3 Bxc3+ 9. bxc3 Qxc3+ 10. Qd2 Qxa1 11. Bc4 Nd5 12. Bxd5 cxd5 13. 0-0 0-0 14. Ba3 Qxf1+ 15. Kxf1 Re8 16. Qxd5 Be6 17. Qe4 Nc6 18. Ng5 g6 19. Qh4 h5 20. Nxh5 gxh5 21. Qxh5 Bc4+ 22. Kg1 Bd3 23. Qxf7+ Kh8 24. Qf6+ Kg8 25. Ne6 Rxe6 26. Qxe6+ Kh8 27. h4 Rd8 28. Bc1 Be4 29. Qf6+ Kg8 30. Bh6 Rd7 31. Qe6+ Rf7 32. Qe8+ 1-0

[Event "Olympiad Women-41"]
[Site "Tromsoe"]
[Date "2014.08.03"]
[Round "2.3"]
[White "Chevannes, Sabrina"]
[Black "Dengler, Dijana"]
[Result "0-1"]
[WhiteElo "2171"]
[BlackElo "2070"]
[PlyCount "122"]
[EventDate "2014.08.02"]
[EventType "team-swiss"]
[EventRounds "11"]
[EventCountry "NOR"]
[SourceTitle "CBM 162"]
[Source "ChessBase"]
[SourceDate "2014.09.17"]
[SourceVersion "1"]
[SourceVersionDate "2014.09.17"]
[SourceQuality "1"]
[WhiteTeam "England (W)"]
[BlackTeam "Bosnia&Hercegovina (W)"]
[WhiteTeamCountry "ENG"]
[BlackTeamCountry "BIH"]

1. c4 c6 2. e4 g6 3. Nc3 Bg7 4. d4 d6 5. Nf3 Nd7 6. Be2 Qc7 7. 0-0 Ngf6 8. h3 e5 9. Be3 0-0 10. d5 Re8 11. Rc1 Nc5 12. Nd2 a5 13. a3 Na6 14. Na4 c5 15. Qb3 Bd7 16. Nb6 Rad8 17. Bf3 Re7 18. Nb1 Rf8 19. Bd2 a4 20. Nxa4 Ne8 21. Nb6 f5 22. Nxd7 Rxd7 23. Nc3 Qd8 24. Qc2 Qh4 25. b4 Rdf7 26. bxc5 Nxc5 27. Be3 Bh6 28. Bxh6 Qxh6 29. Rce1 Ng7 30. Na4 fxe4 31. Bxe4 Nxe4 32. Rxe4 Nf5 33. Qd3 Nd4 34. Qe3 Qh5 35. f4 Nf5 36. Qd3 exf4 37. Rexf4 Re8 38. g4 Qg5 39. Kh2 Re3 40. Qd2 Qh4 41. R1f3 Rfe7 42. Nc3 Rxf3 43. Rxf3 Nh6 44. Qf4 Nf7 45. Ne4 Qe1 46. Re3 Qc1 47. Qf2 Ne5 48. Rc3 Qa1 49. Rg3 Rf7 50. Qe2 Rf1 51. Nf2 Re1 52. Qd2 Rf1 53. Qf4 Qe1 54. Rg2 Nd3 55. Qxd6 Rxf2 56. Qd8+ Rf8 57. Qd6 Nf4 58. Rb2 Qc3 59. Qb4 Qxh3+ 60. Kg1 Qg3+ 61. Kh1 Nd3 0-1

[Event "Politiken Cup 36th"]
[Site "Helsingor"]
[Date "2014.07.29"]
[Round "10"]
[White "Chevannes, Sabrina"]
[Black "Ochsner, Bjorn Moller"]
[Result "0-1"]
[WhiteElo "2160"]
[BlackElo "2318"]
[PlyCount "150"]
[EventDate "2014.07.21"]
[EventType "swiss"]
[EventRounds "10"]
[EventCountry "DEN"]
[SourceTitle "CBM 161 Extra"]
[Source "ChessBase"]
[SourceDate "2014.08.29"]
[SourceVersion "1"]
[SourceVersionDate "2014.08.29"]
[SourceQuality "1"]

1. d4 Nf6 2. c4 g6 3. Nc3 Bg7 4. e4 d6 5. f3 0-0 6. Nge2 c5 7. d5 e6 8. Ng3 exd5 9. cxd5 h5 10. Bg5 Qb6 11. Qd2 Nh7 12. Be3 Nd7 13. Nge2 Ne5 14. Nf4 a6 15. a4 Qa5 16. Ra3 Bd7 17. Be2 Qd8 18. 0-0 b5 19. axb5 axb5 20. Nxb5 Bxb5 21. Bxb5 Rb8 22. Ra5 Rxb5 23. Rxb5 Nc4 24. Qe2 Nxe3 25. Ra1 Bd4 26. Kh1 Qe8 27. Rb3 g5 28. Nxh5 Nxd5 29. Qa6 Ndf6 30. Nxf6+ Nxf6 31. Qxd6 Kg7 32. Qg3 g4 33. Re1 Qe6 34. Rb7 Be5 35. f4 Nh5 36. Qh4 Nxf4 37. Qg5+ Ng6 38. Qf5 Qc6 39. Rd7 Bxb2 40. Qxg4 Be5 41. Rf1 Qa6 42. Qf5 Qf6 43. Rd5 c4 44. Rc5 c3 45. g3 Rd8 46. Qxf6+ Bxf6 47. Rxf6 Kxf6 48. Rxc3 Rd4 49. Rf3+ Ke6 50. Re3 Ke5 51. Rf3 f6 52. h4 Rxe4 53. h5 Nf8 54. Ra3 Kf5 55. Ra7 Rg4 56. Rf7 Ne6 57. Kh2 Rg5 58. Rh7 Kg4 59. h6 Kf5 60. Kg2 Kg6 61. Re7 Nf8 62. Kf3 Kxh6 63. Rf7 Nh7 64. Kf4 Kg6 65. Ra7 Rb5 66. Ra4 Rb3 67. Kg4 Ng5 68. Rc4 Re3 69. Kf4 Re1 70. g4 Rf1+ 71. Ke3 Rf3+ 72. Ke2 Ra3 73. Rb4 Nf7 74. Kf2 Ne5 75. Re4 Kg5 0-1